| 000 | 01341nam a22003017i 4500 | ||
|---|---|---|---|
| 003 | EG-ScBUE | ||
| 005 | 20221204111038.0 | ||
| 008 | 220731s1980 iq a f b 000 0 ara d | ||
| 040 |
_aEG-ScBUE _bara _erda _cEG-ScBUE _dEG-ScBUE |
||
| 041 | 1 |
_aara _hfre |
|
| 043 | _aap----- | ||
| 082 | 0 | 4 |
_222 _a331.5440953 _bم ن ظ |
| 110 | 2 |
_aمنظمة العمل العربية، _bمكتب العمل العربي، _eمؤلف. |
|
| 240 | 1 | 0 |
_aPerspectives d'émigration Maghrebine vers les pays du Golfe. _lArabic |
| 245 | 1 | 0 |
_aآفاق هجرة عمال المغرب العربي إلى بلدان الخليج العربي / _cمنظمة العمل العربية، مكتب العمل العربي. |
| 264 | 1 |
_aبغداد : _bمنظمة العمل الدولية، _c1980. |
|
| 300 |
_a87 صفحة : _bإيضاحيات ؛ _c24 سم |
||
| 336 |
_2rdacontent _aنص _btxt |
||
| 337 |
_2rdamedia _aبدون وسيط _bn |
||
| 338 |
_2rdacarrier _aمجلد _bnc |
||
| 504 | _aيشتمل على إرجاعات ببليوجرافية. | ||
| 541 | _aBook from store. | ||
| 546 | _aالنص باللغة العربية وتم ترجمته من اللغة الفرنسية. | ||
| 650 | 7 |
_aالعمال المهاجرون _zبلدان الخليج العربية. _2BUEsh |
|
| 653 |
_bBUSECO _cDecember2022 |
||
| 655 | _vReading book | ||
| 942 | _2ddc | ||
| 999 |
_c30063 _d30034 |
||